00531nam a22001577a 4500008004100000020001500041040001500056050002600071100002700097245009300124260005000217300001500267650004700282700002600329700001800355181018b xxu||||| |||| 00| 0 eng d a9966718836 aKABUcKABU aP91.3b.M35 2014 c. 1 aMaina, Samual Mwituria aCommunication skillsbedition for university and college studentscSamuel Mwituria Maina aNairobi, KenyabThe Mwituria Publishersc2014 axx, 277 p. aCommunicationvStudy and teaching (Higher) aNderitu, Monica (ed.) aZangi, Benson